00235nam a2200085Ia 4500008004100000100002600041245003100067260004200098260000900140170620s9999 xx 000 0 und d aNarasaiah- M. Lakshmi 0aEducation and Human Rights bNew Delhi- Discovery Publishing House c2000